Lokalgeschichte zwischen Heimathistorie und Politik : der pommersche Geschichtsschreiber und historische Publizist Erich Gülzow (1888-1954)

Détails bibliographiques
Publié dans:Berichte und Forschungen. - München : Oldenbourg, 1993. - 4(1996), Seite 191-202
Auteur principal: Unterstell, Rembert 1960-2025 (Auteur)
Format: Article
Langue:German
Publié: 1996
Accès à la collection:Berichte und Forschungen
LEADER 01000caa a2200265 c 4500
001 1013689739
003 DE-627
005 20250613212602.0
007 tu
008 180212s1996 gw ||||| 00| ||ger c
035 |a (DE-627)1013689739 
035 |a (DE-599)GBV1013689739 
040 |a DE-627  |b ger  |c DE-627  |e rda 
041 |a ger 
044 |c XA-DE 
100 1 |a Unterstell, Rembert  |d 1960-2025  |e verfasserin  |0 (DE-588)17082683X  |0 (DE-627)060965673  |0 (DE-576)165735937  |4 aut 
245 1 0 |a Lokalgeschichte zwischen Heimathistorie und Politik  |b der pommersche Geschichtsschreiber und historische Publizist Erich Gülzow (1888-1954)  |c Rembert Unterstell 
264 1 |c 1996 
336 |a Text  |b txt  |2 rdacontent 
337 |a ohne Hilfsmittel zu benutzen  |b n  |2 rdamedia 
338 |a Band  |b nc  |2 rdacarrier 
773 0 8 |i Enthalten in  |a Bundesinstitut für Ostdeutsche Kultur und Geschichte  |t Berichte und Forschungen  |d München : Oldenbourg, 1993  |g 4(1996), Seite 191-202  |w (DE-627)171196430  |w (DE-600)1164100-9  |w (DE-576)035262931  |x 0945-2362  |7 nnas 
773 1 8 |g volume:4  |g year:1996  |g pages:191-202 
889 |w (DE-627)246331976 
912 |a GBV_USEFLAG_U 
912 |a GBV_ILN_50 
912 |a ISIL_DE-23 
912 |a SYSFLAG_1 
912 |a GBV_KXP 
912 |a GBV_ILN_11 
912 |a GBV_ILN_22 
912 |a GBV_ILN_40 
912 |a GBV_ILN_62 
912 |a GBV_ILN_69 
912 |a GBV_ILN_72 
912 |a GBV_ILN_92 
912 |a GBV_ILN_110 
912 |a GBV_ILN_120 
912 |a GBV_ILN_121 
912 |a GBV_ILN_130 
912 |a GBV_ILN_176 
912 |a GBV_ILN_244 
912 |a GBV_ILN_350 
912 |a GBV_ILN_655 
912 |a GBV_ILN_694 
912 |a GBV_ILN_2001 
912 |a GBV_ILN_2002 
912 |a GBV_ILN_2003 
912 |a GBV_ILN_2004 
912 |a GBV_ILN_2006 
912 |a GBV_ILN_2009 
912 |a GBV_ILN_2010 
912 |a GBV_ILN_2011 
912 |a GBV_ILN_2012 
912 |a GBV_ILN_2016 
912 |a GBV_ILN_2020 
912 |a GBV_ILN_2040 
912 |a GBV_ILN_2046 
912 |a GBV_ILN_2138 
912 |a GBV_ILN_2164 
912 |a GBV_ILN_2453 
912 |a GBV_ILN_2505 
912 |a GBV_ILN_2570 
912 |a GBV_ILN_4012 
912 |a GBV_ILN_4027 
912 |a GBV_ILN_4028 
912 |a GBV_ILN_4035 
912 |a GBV_ILN_4037 
912 |a GBV_ILN_4155 
912 |a GBV_ILN_4193 
912 |a GBV_ILN_4261 
912 |a GBV_ILN_4305 
912 |a GBV_ILN_4306 
912 |a GBV_ILN_4317 
912 |a GBV_ILN_4392 
912 |a GBV_ILN_92 
912 |a ISIL_DE-33 
912 |a GBV_ILN_655 
912 |a ISIL_DE-2840 
935 |a LBGMV 
951 |a AR 
952 |d 4  |j 1996  |h 191-202 
980 |2 50  |1 01  |x 0023  |b 1750138301  |y x  |z 12-02-18 
980 |2 92  |1 01  |x 0033  |b 28949608X  |y xg  |z 10-07-98 
980 |2 655  |1 01  |x 4655  |b 439810741X  |y x  |z 26-10-23 
982 |2 92  |1 00  |x DE-33  |8 10  |s p  |0 (DE-627)271287411  |a Gülzow, Erich 
983 |2 92  |1 00  |x DE-33  |8 10  |0 (DE-627)231136951  |a 13.3.  |b Familien und Personen 
983 |2 92  |1 00  |x DE-33  |8 21  |0 (DE-627)239375017  |a 10.3.4.  |b Philologen 
983 |2 92  |1 00  |x DE-33  |8 22  |0 (DE-627)23113035X  |a 9.2.6.6.5.  |b Pädagogen 
983 |2 92  |1 00  |x DE-33  |8 23  |0 (DE-627)231135661  |a 10.1.9.  |b Volkskundler. Heimatforscher